The northern cemetery of Achziv (10th-6th centuries BCE): the Tophet site : the Sam Turner expedition final report of the excavations 1992-2004
| Main Author: | |
|---|---|
| Format: | Print Image |
| Language: | English |
| Subito Delivery Service: | Order now. |
| Check availability: | HBZ Gateway |
| Interlibrary Loan: | Interlibrary Loan for the Fachinformationsdienste (Specialized Information Services in Germany) |
| Published: |
Barcelona
Ed. Bellaterra
[2013]
|
| In: |
Cuadernos de arqueología mediterránea (19/20)
Year: 2013 |
| Series/Journal: | Cuadernos de arqueología mediterránea
19/20 |
| Standardized Subjects / Keyword chains: | B
Akhziv
/ Phoenicians
/ Burial place
/ History 1000 BC-599 BC
B Phoenicians / Akhziv / Burial place / History 1000 BC-500 BC |
| Further subjects: | B
Excavations (Archaelogy)
Israel
Akhziv, Tel
B Phoenicians Israel Akhziv, Tel B Akhziv, Tel (Israel) Antiquities B Tombs Israel Akhziv, Tel |
MARC
| LEADER | 00000cam a2200000 c 4500 | ||
|---|---|---|---|
| 001 | 1609402081 | ||
| 003 | DE-627 | ||
| 005 | 20260112133715.0 | ||
| 007 | tu | ||
| 008 | 131203s2013 sp ||||| 00| ||eng c | ||
| 020 | |a 9788472906211 |9 978-84-7290-621-1 | ||
| 020 | |a 8472906213 |9 84-7290-621-3 | ||
| 020 | |z 8472906213 | ||
| 020 | |z 9788472906211 | ||
| 035 | |a (DE-627)1609402081 | ||
| 035 | |a (DE-576)407940669 | ||
| 035 | |a (DE-599)BSZ407940669 | ||
| 035 | |a (DE-604)BV041412762 | ||
| 040 | |a DE-627 |b ger |c DE-627 |e rda | ||
| 041 | |a eng | ||
| 044 | |c XA-ES | ||
| 050 | 0 | |a DS | |
| 082 | 0 | |a 935 | |
| 084 | |a 6,14 |a 1 |2 ssgn | ||
| 084 | |a NF 8694 |q BVB |2 rvk |0 (DE-625)rvk/125344: | ||
| 084 | |a NG 5340 |q BVB |2 rvk |0 (DE-625)rvk/125436:13125 | ||
| 084 | |a 15.16 |2 bkl | ||
| 100 | 1 | |0 (DE-588)1056088818 |0 (DE-627)794384455 |0 (DE-576)166369454 |4 aut |a Mazar, Elat |d 1956-2021 | |
| 109 | |a Mazar, Elat 1956-2021 |a Māzār, Êlāt 1956-2021 |a Mazar, Eilat 1956-2021 |a Mazar, Ayelet 1956-2021 |a MZR, Êlat 1956-2021 | ||
| 245 | 1 | 4 | |a The northern cemetery of Achziv (10th-6th centuries BCE) |b the Tophet site : the Sam Turner expedition final report of the excavations 1992-2004 |c Eliat Mazar |
| 264 | 1 | |a Barcelona |b Ed. Bellaterra |c [2013] | |
| 300 | |a 268 Seiten |b Illustrationen, Karten | ||
| 336 | |a Text |b txt |2 rdacontent | ||
| 336 | |a unbewegtes Bild |b sti |2 rdacontent | ||
| 337 | |a ohne Hilfsmittel zu benutzen |b n |2 rdamedia | ||
| 338 | |a Band |b nc |2 rdacarrier | ||
| 490 | 1 | |a Cuadernos de arqueología mediterránea |v 19/20 | |
| 500 | |a Text in English. - Includes bibliographical references | ||
| 583 | 1 | |a Archivierung/Langzeitarchivierung gewährleistet |f SSG |x XA-DE-BW |2 pdager |5 DE-16 | |
| 601 | |a Expedition | ||
| 650 | 0 | |a Tombs |x Israel |x Akhziv, Tel | |
| 650 | 0 | |a Phoenicians |x Israel |x Akhziv, Tel | |
| 650 | 0 | |a Excavations (Archaelogy) |x Israel |x Akhziv, Tel | |
| 651 | 0 | |a Akhziv, Tel (Israel) |x Antiquities | |
| 689 | 0 | 0 | |d g |0 (DE-588)1115272209 |0 (DE-627)869668315 |0 (DE-576)346012856 |2 gnd |a Achsib |
| 689 | 0 | 1 | |d s |0 (DE-588)4045822-2 |0 (DE-627)106200151 |0 (DE-576)209066989 |2 gnd |a Phöniker |
| 689 | 0 | 2 | |d s |0 (DE-588)4071980-7 |0 (DE-627)104757221 |0 (DE-576)209185503 |2 gnd |a Gräberfeld |
| 689 | 0 | 3 | |q z |2 gnd |a Geschichte v1000-v599 |
| 689 | 0 | |5 (DE-627) | |
| 689 | 1 | 0 | |d s |0 (DE-588)4045822-2 |0 (DE-627)106200151 |0 (DE-576)209066989 |2 gnd |a Phöniker |
| 689 | 1 | 1 | |d g |0 (DE-588)1115272209 |0 (DE-627)869668315 |0 (DE-576)346012856 |2 gnd |a Achsib |
| 689 | 1 | 2 | |d s |0 (DE-588)4071980-7 |0 (DE-627)104757221 |0 (DE-576)209185503 |2 gnd |a Gräberfeld |
| 689 | 1 | 3 | |q z |2 gnd |a Geschichte v1000-v500 |
| 689 | 1 | |5 (DE-627) | |
| 830 | 0 | |a Cuadernos de arqueología mediterránea |v 19/20 |9 19 |w (DE-627)225269503 |w (DE-576)091580404 |w (DE-600)1361969-X |x 1578-1356 |7 am | |
| 889 | |w (DE-627)773086943 | ||
| 935 | |i mdedup | ||
| 936 | r | v | |a NF 8694 |b Kulturgeschichte und Siedlungsarchäologie |k Geschichte |k Ur- und Frühgeschichte / Prähistorische Archäologie |k Archäologie der übrigen Welt |k Asien |k Naher Osten |k Kulturgeschichte und Siedlungsarchäologie |0 (DE-627)1271451182 |0 (DE-625)rvk/125344: |0 (DE-576)201451182 |
| 936 | r | v | |a NG 5340 |b Siedlung, Städtebau |k Geschichte |k Alte Geschichte |k Geschichte und Kultur des alten Orients und der Mittelmeervölker (ohne Griechen und Römer) |k Einzelne Reiche und Völker |k Levante (Israel, Palästina, Libanon, Jordanien) |k Siedlung, Städtebau |0 (DE-627)139901935X |0 (DE-625)rvk/125436:13125 |0 (DE-576)32901935X |
| 936 | b | k | |a 15.16 |j Altorientalische Archäologie |j christliche Archäologie |0 (DE-627)106419765 |
| 951 | |a BO | ||
| ELC | |b 1 | ||
| ORI | |a SA-MARC-ixtheo_oa001.raw | ||
| REL | |a 1 | ||
| STA | 0 | 0 | |a Akhziv,Achzib,Ekdippa,Burial place,Necropolis,Phoenicians,Phenicians |
| STB | 0 | 0 | |a Champ funéraire,Phéniciens |
| STC | 0 | 0 | |a Fenicios,Necrópolis |
| STD | 0 | 0 | |a Campo funerario,Tombe preistoriche,Fenici |
| STE | 0 | 0 | |a 坟地,坟场,腓尼基人 |
| STF | 0 | 0 | |a 墳地,墳場,腓尼基人 |
| STG | 0 | 0 | |a Fenícios,Necrópole |
| STH | 0 | 0 | |a Место захоронения,Финикийцы |
| STI | 0 | 0 | |a Νεκροταφείο,Κοιμητήριο,Φοίνικες (αρχαίος λαός) |
| SUB | |a REL | ||
| SYG | 0 | 0 | |a Akhziv,Achzib,Achziv,Casal Imbert , Phönizier,Phönikier , Grabfeld,Nekropole,Gräberfelder , Phönizier,Phönikier , Akhziv,Achzib,Achziv,Casal Imbert , Grabfeld,Nekropole,Gräberfelder |
| TIM | |a 099990000101_099994011231 |b Geschichte v1000-v599 | ||